000 00798nam a2200229Ia 4500
003 OSt
005 20220923221852.0
006 a|||||r|||| 00| 0
007 ta
008 220922b |||||||| |||| 00| 0 hin d
024 _a200,663
037 _cTextual
040 _aARTS
_cARTS
_bhin
041 _2hin
_ahin
082 _aV2:25xM69:9, 152H8
100 _aयशपाल
245 0 _aगांधीवाद की शव परिक्षा सत्य और अंिहसा की परख संस्क 2
246 _aGāandhīvād kī shav parikṣhā satya aur aanihasā kī parakh sanska 2
490 _aविप्लव पुस्तकमाला 5
942 _hV2:25xM69:9, 152H8
_cTEXL
_2CC
999 _c352335
_d352335